000
00287nam a2200109Ia 4500
008
171211s9999 xx 000 0 und d
245
_a
El encantador de perros
245
_c
Cesar Millan
260
_c
2006
650
_x
ANIMALS
856
_u
http://down.ebook777.com/054/9786071100733.pdf
999
_c
348464
_d
348464